00477nam a2200169 a 450000500170000000800410001702000150005805000250007310000200009824500520011825000180017026000480018830000080023644000190024465000130026365000310027620140414132131.0130604s19uu xx 00 eng d a0328690996 aTR 372.4bF716 201_? aForesman, Scott aEnvision it! Handbook : Reading Street Grade 3. aInternational aUnited States :bPearson Education,c201_?. a206 aReading Street aReading- aReading-study and teaching